LIBRARY & INFORMATION CENTRE, KCAET, TAVANUR

ONLINE PUBLIC ACCESS CATALOGUE (OPAC)

A Text book of Engineering Mechanics / (SI units) (Record no. 15665)

MARC details
000 -LEADER
fixed length control field 00388nam a22001457a 4500
003 - CONTROL NUMBER IDENTIFIER
control field OSt
008 - FIXED-LENGTH DATA ELEMENTS--GENERAL INFORMATION
fixed length control field 190524b ||||| |||| 00| 0 eng d
020 ## - INTERNATIONAL STANDARD BOOK NUMBER
ISBN 9789352833962
082 ## - DEWEY DECIMAL CLASSIFICATION NUMBER
Classification number 620.1
Item number KHU/TE
100 ## - MAIN ENTRY--AUTHOR NAME
Personal name Khurmi, R S
245 ## - TITLE STATEMENT
Title A Text book of Engineering Mechanics / (SI units)
260 ## - PUBLICATION, DISTRIBUTION, ETC. (IMPRINT)
Place of publication New Delhi
Name of publisher S. Chand and Company Limited
Year of publication 2019
300 ## - PHYSICAL DESCRIPTION
Number of Pages 755 p.
942 ## - ADDED ENTRY ELEMENTS (KOHA)
Koha item type Books
Holdings
Withdrawn status Lost status Damaged status Collection code Home library Current library Shelving location Date acquired Cost, normal purchase price Full call number Accession Number Koha item type
      Non-fiction KAUAET KAUAET General Stacks 24/05/2019 525.00 620.1 KHU/TE 25955 Books
      Non-fiction KAUAET KAUAET General Stacks 24/05/2019 525.00 620.1 KHU/TE 25956 Books
      Non-fiction KAUAET KAUAET General Stacks 27/05/2019 525.00 620.1 KHU/TE 25979 Books
      Non-fiction KAUAET KAUAET General Stacks 27/05/2019 525.00 620.1 KHU/TE 25980 Books
      Non-fiction KAUAET KAUAET General Stacks 27/05/2019 525.00 620.1 KHU/TE 25981 Books
      Non-fiction KAUAET KAUAET Scheme 31/05/2019 525.00 620.1 KHU/TE BB 524 Book Bank scheme for SC students
      Non-fiction KAUAET KAUAET Scheme 31/05/2019 525.00 620.1 KHU/TE BB 523 Book Bank scheme for SC students
free website counter